El caballero de la espada
Gardado en:
| Autor Principal: | |
|---|---|
| Formato: | Libro |
| Idioma: | Lingua castelá |
| Publicado: |
Madrid
Siruela
1984
|
| Series: | Selección de Lecturas Medievales, 10
|
| Subjects: | |
| Tags: |
Engadir etiqueta
Sen Etiquetas, Sexa o primeiro en etiquetar este rexistro!
|
MARC
| LEADER | 00000nam a2200000 a 4500 | ||
|---|---|---|---|
| 001 | UCO4943 | ||
| 003 | CL-VaPUC | ||
| 008 | 000825e19840000SP |||||||||||||||||spa|d | ||
| 082 | 0 | 4 | |a 843.1 |b RIQ |2 21 |
| 100 | 0 | |a Riquer, Isabel de |e author |9 449642 | |
| 245 | 1 | 3 | |a El caballero de la espada |
| 246 | 1 | 3 | |a La doncella de la mula |
| 300 | |a 54 p | ||
| 942 | |c BK | ||
| 945 | |d 20000825 00:00:00 |a crobeson | ||
| 260 | |a Madrid |b Siruela |c 1984 | ||
| 650 | 7 | |a LITERATURA MEDIEVAL FRANCESA |2 CL-VaPUC |9 449643 | |
| 650 | 7 | |a ROMANCES ARTURICOS |2 CL-VaPUC |9 266053 | |
| 650 | 0 | |a Caballeros y caballería |9 266046 | |
| 583 | |a last modification |c 20000825 00:00:00 |k Rodrigo Vera | ||
| 490 | 0 | |a Selección de Lecturas Medievales, 10 | |
| 999 | |c 290902 |d 290900 | ||
| 952 | |0 0 |1 0 |4 0 |6 843_100000000000000_RIQ_1984 |7 0 |8 A |9 340517 |a BIBART |b BIBART |d 2019-11-20 |i 1217135 |o 843.1 RIQ 1984 |p 1217135 |r 2025-03-13 |w 2019-11-20 |y BK |k ART | ||